000 00660nam a2200193 4500
001 132611
003 ES-MaACL
005 20230906194219.0
007 t|
008 070214s1912 fr r ||||1| fre d
100 1 _aRondel, Georges.
_999508
245 1 3 _aLa protection des faibles
_b: assistance & bienfaisance /
_cpar Georges Rondel.
260 _aParis :
_bOctave Doin et Fils,
_c1912.
300 _a297 p. ;
_c18 x 12 cm.
490 1 _aEncyclopédie scientifique. Bibliothèque de Sociologie appliquée
830 0 _aEncyclopédie scientifique. Bibliothèque de Sociologie appliquée
_9219662
852 _aES-MaACL
_jD-3786
999 _c132611
_d132611